000 00648nam a2200217Ii 4500
003 JO-AjNU
008 230605s9999||||xx |||||||||||||| ||und||
017 _a2003/14426
020 _a977-01-8789-5
040 _aJO-AjNU
_bara
_erda
_cJO-AjNU
041 _aara
050 1 4 _aZ699.A4464 2003
100 3 _aعلي ، نبيل ,
_eauthor
_98247
245 0 0 _aتحديات عصر المعلومات
264 3 1 _aعمان :مكتبة الاسرة ،2003
300 _a274ص
336 _atext
_btxt
_2rdacontent
337 _aunmediated
_bn
_2rdamedia
338 _avolume
_bnc
_2rdacarrier
650 4 _aتكنولوجيا المعلومات
_98248
999 _aA691
_c4259
_d4259